[Event "Ouest Toulousain op-A 6th"]
[Site "Fontenilles"]
[Date "2011.03.11"]
[Round "8"]
[White "Zarrouati, Pierre"]
[Black "Touzane, Olivier"]
[Result "0-1"]
[WhiteElo "2155"]
[BlackElo "2294"]
[PlyCount "91"]
[EventDate "2011.03.07"]
[EventType "swiss"]
[EventRounds "9"]
[EventCountry "FRA"]
[SourceTitle "CBM 141 Extra"]
[Source "ChessBase"]
[SourceDate "2011.05.03"]
[SourceVersion "1"]
[SourceVersionDate "2011.05.03"]
[SourceQuality "1"]

1. c4 Nf6 2. Nc3 g6 3. Nf3 Bg7 4. g3 0-0 5. Bg2 d6 6. 0-0 e5 7. d3 Nc6 8. Rb1 a5 9. a3 h6 10. b4 axb4 11. axb4 Be6 12. b5 Ne7 13. c5 dxc5 14. Bb2 Nd7 15. Nd2 Rb8 16. Ra1 b6 17. Nc4 Nf5 18. Ra7 Nd6 19. Qa4 f5 20. Nd5 Ne8 21. Qa1 Rc8 22. e4 f4 23. Re1 f3 24. Bf1 Rf7 25. Nxe5 Nxe5 26. Bxe5 Nd6 27. Bxg7 Bxd5 28. exd5 Rxg7 29. d4 c4 30. Ra4 Qd7 31. Ra8 Rxa8 32. Qxa8+ Kh7 33. h4 Qg4 34. Qf8 Qxd4 35. h5 gxh5 36. Re7 Rxe7 37. Qxe7+ Qg7 38. Qh4 Qe5 39. Qd8 Qg7 40. Qh4 Qg5 41. Qh3 Qg4 42. Qh1 c3 43. Bd3+ Kg7 44. Bc2 h4 45. Kh2 hxg3+ 46. fxg3 0-1

[Event "Ouest Toulousain op-A 6th"]
[Site "Fontenilles"]
[Date "2011.03.08"]
[Round "2"]
[White "Zarrouati, Pierre"]
[Black "Petrov, Marian"]
[Result "0-1"]
[WhiteElo "2155"]
[BlackElo "2534"]
[PlyCount "116"]
[EventDate "2011.03.07"]
[EventType "swiss"]
[EventRounds "9"]
[EventCountry "FRA"]
[SourceTitle "CBM 141 Extra"]
[Source "ChessBase"]
[SourceDate "2011.05.03"]
[SourceVersion "1"]
[SourceVersionDate "2011.05.03"]
[SourceQuality "1"]

1. c4 g6 2. Nc3 Bg7 3. g3 e5 4. Bg2 d6 5. d3 f5 6. Bd2 Nf6 7. Qc1 h6 8. e4 Nc6 9. Nd5 g5 10. Ne2 f4 11. Bc3 0-0 12. f3 Ne7 13. Nxf6+ Bxf6 14. d4 c5 15. dxc5 dxc5 16. Qd2 Be6 17. Qxd8 Raxd8 18. b3 Rd3 19. Rd1 Rfd8 20. Rxd3 Rxd3 21. Bb2 Ng6 22. Nc1 Rd7 23. Ke2 h5 24. Rd1 fxg3 25. hxg3 Rxd1 26. Kxd1 h4 27. gxh4 Nxh4 28. Bh1 b6 29. Nd3 Ng6 30. Nf2 Kf7 31. Ke1 Nf4 32. Kf1 a6 33. Ba3 Be7 34. Ke1 b5 35. cxb5 axb5 36. Bb2 Bd6 37. Kd2 c4 38. bxc4 Bxc4 39. a3 Ke6 40. Ng4 Nd3 41. Kc2 Bc5 42. Nh6 Nxb2 43. Kxb2 Kd6 44. Bg2 Kc6 45. Bh3 Kb6 46. Nf5 Ka5 47. Ng7 Ka4 48. Ne6 Bxa3+ 49. Kc2 Be7 50. Nc7 Ka3 51. Nd5 Bc5 52. Nc3 b4 53. Nb1+ Ka2 54. Nd2 Bf7 55. Bf1 b3+ 56. Kd1 Bb4 57. Bd3 Bxd2 58. Kxd2 b2 0-1

[Event "Ouest Toulousain op-A 4th"]
[Site "Tournefeuille"]
[Date "2009.02.17"]
[Round "3"]
[White "Robin, Samy"]
[Black "Zarrouati, Pierre"]
[Result "0-1"]
[WhiteElo "2369"]
[BlackElo "2193"]
[PlyCount "70"]
[EventDate "2009.02.16"]
[EventType "swiss"]
[EventRounds "9"]
[EventCountry "FRA"]
[SourceTitle "CBM 128 Extra"]
[Source "ChessBase"]
[SourceDate "2009.03.05"]
[SourceVersion "2"]
[SourceVersionDate "2009.03.25"]
[SourceQuality "1"]

1. e4 e5 2. Nf3 Nc6 3. Bb5 a6 4. Bxc6 dxc6 5. d4 exd4 6. Qxd4 Bg4 7. Nbd2 Qxd4 8. Nxd4 0-0-0 9. N4b3 c5 10. 0-0 Nf6 11. Re1 b6 12. a4 a5 13. f4 g6 14. f5 Re8 15. Kf1 gxf5 16. h3 Bh5 17. exf5 Bd6 18. g4 Rxe1+ 19. Kxe1 Nxg4 20. hxg4 Bxg4 21. Nf1 Re8+ 22. Ne3 Bxf5 23. Kf2 Bg6 24. Bd2 h5 25. Rh1 Re4 26. c4 h4 27. Nc1 Bg3+ 28. Kg1 f5 29. Ne2 f4 30. Nxg3 hxg3 31. Nd5 f3 32. Rh3 f2+ 33. Kg2 Re1 34. Ne3 Be4+ 35. Kxg3 Rxe3+ 0-1

[Event "FRA-ch op-A"]
[Site "Pau"]
[Date "2008.08.20"]
[Round "8"]
[White "Lambert, Romain"]
[Black "Zarrouati, Pierre"]
[Result "1/2-1/2"]
[WhiteElo "1953"]
[BlackElo "2188"]
[PlyCount "105"]
[EventDate "2008.08.11"]
[EventType "swiss"]
[EventRounds "9"]
[EventCountry "FRA"]
[SourceTitle "CBM 126 Extra"]
[Source "ChessBase"]
[SourceDate "2008.11.05"]
[SourceVersion "1"]
[SourceVersionDate "2008.11.05"]
[SourceQuality "1"]

1. d4 Nf6 2. c4 g6 3. Nc3 d5 4. cxd5 Nxd5 5. e4 Nxc3 6. bxc3 Bg7 7. Bc4 c5 8. Ne2 Nc6 9. Be3 cxd4 10. cxd4 b5 11. Bd5 Bd7 12. 0-0 e6 13. Bxc6 Bxc6 14. d5 exd5 15. Rc1 Bb7 16. Qb3 0-0 17. Qxb5 d4 18. Nxd4 Bxe4 19. Nc6 Qd7 20. f3 Bd3 21. Ne7+ Qxe7 22. Qxd3 Rfd8 23. Qe4 Qa3 24. Rc7 Qxa2 25. Rfc1 a5 26. h4 Qb3 27. Bg5 Bf6 28. Bxf6 Qb6+ 29. Kh2 Qxf6 30. R1c6 Qf5 31. Qxf5 gxf5 32. Rf6 Rf8 33. Rxf5 a4 34. Rc1 Rfb8 35. Rd5 Rb2 36. Rg5+ Kh8 37. Rc7 a3 38. Rxf7 Rb6 39. Rgg7 Rh6 40. Ra7 Rxh4+ 41. Kg3 Ra4 42. Rxh7+ Kg8 43. Rxa8+ Rxa8 44. Rh1 Kf7 45. Kf4 Ke6 46. Ke4 Rg8 47. g4 Ra8 48. f4 Ra4+ 49. Kf3 a2 50. Ra1 Ra3+ 51. Ke4 Ra4+ 52. Kf3 Ra3+ 53. Ke4 1/2-1/2

[Event "FRA-ch op-A"]
[Site "Pau"]
[Date "2008.08.16"]
[Round "5"]
[White "Zarrouati, Pierre"]
[Black "Veron, Cyprien"]
[Result "1-0"]
[WhiteElo "2188"]
[BlackElo "2098"]
[PlyCount "75"]
[EventDate "2008.08.11"]
[EventType "swiss"]
[EventRounds "9"]
[EventCountry "FRA"]
[SourceTitle "CBM 126 Extra"]
[Source "ChessBase"]
[SourceDate "2008.11.05"]
[SourceVersion "1"]
[SourceVersionDate "2008.11.05"]
[SourceQuality "1"]

1. d4 d5 2. Nf3 Nf6 3. c4 c6 4. e3 e6 5. Be2 Nbd7 6. Nc3 dxc4 7. Bxc4 b5 8. Be2 a6 9. 0-0 c5 10. a4 b4 11. Nb1 Bb7 12. Nbd2 Be7 13. Nc4 0-0 14. Nfe5 cxd4 15. exd4 a5 16. Bg5 Nd5 17. Bxe7 Qxe7 18. Bf3 N7b6 19. Re1 Rfc8 20. Rc1 Nxc4 21. Nxc4 Qd8 22. Qd2 Bc6 23. Bxd5 exd5 24. Ne3 Bxa4 25. Nf5 Rxc1 26. Qxc1 g6 27. Ne7+ Kg7 28. Qg5 Bb3 29. Nf5+ Kg8 30. Re7 Qf8 31. Nh6+ Kg7 32. Ng4 a4 33. Qe5+ Kg8 34. Nf6+ Kg7 35. Nd7+ Kg8 36. Nxf8 Rxf8 37. Rb7 Rc8 38. Rb8 1-0

[Event "Ouest Toulousain op-A 3rd"]
[Site "Tournefeuille"]
[Date "2008.02.26"]
[Round "2"]
[White "Zarrouati, Pierre"]
[Black "Mateo, Ramon"]
[Result "0-1"]
[WhiteElo "2160"]
[BlackElo "2484"]
[PlyCount "84"]
[EventDate "2008.02.25"]
[EventType "swiss"]
[EventRounds "9"]
[EventCountry "FRA"]
[SourceTitle "CBM 123 Extra"]
[Source "ChessBase"]
[SourceDate "2008.05.06"]
[SourceVersion "1"]
[SourceVersionDate "2008.05.06"]
[SourceQuality "1"]

1. c4 c5 2. Nc3 Nc6 3. Nf3 g6 4. d3 Bg7 5. e4 Nh6 6. Be2 d6 7. h3 f5 8. Be3 Nd4 9. Qd2 Nf7 10. Ng5 Ne5 11. f4 Nec6 12. Bd1 0-0 13. 0-0 e6 14. Rb1 a6 15. a3 Qa5 16. Na2 Qc7 17. b4 h6 18. Nf3 b6 19. Nc3 Bd7 20. Nh4 Be8 21. g4 Qe7 22. Ng2 Bf7 23. Bf2 Qc7 24. Kh1 Rab8 25. Rg1 b5 26. cxb5 axb5 27. gxf5 exf5 28. Ne3 Ne7 29. Bh4 Rfe8 30. Rc1 Qd7 31. Qg2 cxb4 32. axb4 Rbc8 33. Bh5 Rxc3 34. Rxc3 Ne6 35. Qg3 fxe4 36. Bxe7 Nxf4 37. Bxg6 Nxg6 38. Rc2 exd3 39. Rf2 Qxe7 40. Rf3 Qe4 41. Rg2 Re6 42. Qf2 d2 0-1

[Event "Condom op 4th"]
[Site "Condom"]
[Date "2005.07.11"]
[Round "4"]
[White "Zarrouati, Pierre"]
[Black "Schmouchkovitch, Clement"]
[Result "1-0"]
[WhiteElo "2171"]
[BlackElo "1917"]
[PlyCount "79"]
[EventDate "2005.07.09"]
[EventType "swiss"]
[EventRounds "9"]
[EventCountry "FRA"]
[SourceTitle "CBM 107 Extra"]
[Source "ChessBase"]
[SourceDate "2005.09.01"]
[SourceVersion "1"]
[SourceVersionDate "2005.09.01"]
[SourceQuality "1"]

1. c4 Nf6 2. Nc3 e6 3. Nf3 c5 4. g3 b6 5. Bg2 Bb7 6. d3 Be7 7. 0-0 0-0 8. Rb1 d6 9. a3 Nbd7 10. b4 Rc8 11. bxc5 Nxc5 12. Nb5 a6 13. Nc3 Qc7 14. Be3 Nfd7 15. Qc2 d5 16. d4 Ne4 17. Nxe4 dxe4 18. Nd2 Bxa3 19. Bxe4 Bxe4 20. Qxe4 Be7 21. Rfc1 Rfe8 22. Nf3 Nf6 23. Qd3 a5 24. Rb5 Nd7 25. Qb1 h6 26. g4 f6 27. Bxh6 Kf7 28. Be3 Rh8 29. Qe4 Rh3 30. d5 e5 31. Qf5 Ke8 32. Bxb6 Nxb6 33. Rxb6 Qxb6 34. Qxc8+ Kf7 35. c5 Qb2 36. Re1 e4 37. Qe6+ Kf8 38. d6 Bxd6 39. Qxd6+ Kg8 40. Qe6+ 1-0

[Event "Condom op 3rd"]
[Site "Condom"]
[Date "2004.07.14"]
[Round "6"]
[White "Murey, Jacob"]
[Black "Zarrouati, Pierre"]
[Result "1/2-1/2"]
[WhiteElo "2477"]
[BlackElo "2165"]
[PlyCount "73"]
[EventDate "2004.07.10"]
[EventType "swiss"]
[EventRounds "9"]
[EventCountry "FRA"]
[SourceTitle "CBM 101 Extra"]
[Source "ChessBase"]
[SourceDate "2004.09.01"]
[SourceVersion "2"]
[SourceVersionDate "2004.09.01"]
[SourceQuality "1"]

1. e4 e5 2. f4 Nc6 3. Nf3 d5 4. exd5 Qxd5 5. Nc3 Qe6 6. Bb5 Bd7 7. 0-0 Bc5+ 8. Kh1 Nge7 9. fxe5 Qg4 10. d4 Nxd4 11. h3 h5 12. Bxd7+ Qxd7 13. e6 Nxe6 14. Qxd7+ Kxd7 15. Ne5+ Ke8 16. Ne4 Bd4 17. Nd3 Rd8 18. a4 h4 19. Ra3 Rh5 20. Rb3 b6 21. Rb5 c5 22. c4 Be3 23. Rb3 Bxc1 24. Rxc1 Rd4 25. Re1 Nf5 26. Nd2 Kf8 27. a5 g6 28. axb6 axb6 29. Nf3 Rd6 30. Ra3 Nfd4 31. Re5 Nxf3 32. Rxh5 gxh5 33. gxf3 Ng5 34. f4 Ne4 35. Kg2 Rg6+ 36. Kh2 Rd6 37. Kg2 1/2-1/2

[Event "La Pobla de Lillet op 12th"]
[Site "La Pobla de Lillet"]
[Date "2002.08.03"]
[Round "2"]
[White "Sulypa, Oleksandr"]
[Black "Zarrouati, Pierre"]
[Result "1-0"]
[WhiteElo "2505"]
[BlackElo "2181"]
[PlyCount "33"]
[EventDate "2002.08.02"]
[EventType "swiss"]
[EventRounds "9"]
[EventCountry "ESP"]
[SourceTitle "CBM 089 Extra"]
[Source "ChessBase"]
[SourceDate "2002.09.10"]
[SourceVersion "2"]
[SourceVersionDate "2002.09.10"]
[SourceQuality "1"]

1. c4 Nf6 2. d4 g6 3. Nc3 d5 4. Nf3 Bg7 5. Qb3 dxc4 6. Qxc4 0-0 7. e4 b6 8. e5 Ng4 9. Bf4 c5 10. d5 Ba6 11. Qe4 Bxf1 12. Kxf1 b5 13. h3 b4 14. Ne2 Nh6 15. d6 Nd7 16. Bxh6 Bxh6 17. Qh4 1-0

[Event "FRA-chT"]
[Site "France"]
[Date "1998.02.08"]
[Round "3"]
[White "Zarrouati, Pierre"]
[Black "Guadalpi, David"]
[Result "0-1"]
[WhiteElo "2175"]
[BlackElo "2260"]
[PlyCount "122"]
[EventDate "1998.02.06"]
[EventType "team-tourn"]
[EventRounds "11"]
[EventCountry "FRA"]
[SourceTitle "CBM 064 Extra"]
[Source "ChessBase"]
[SourceDate "1998.07.07"]
[SourceVersion "1"]
[SourceVersionDate "1998.07.07"]
[SourceQuality "1"]

1. d4 Nf6 2. Nf3 g6 3. g3 Bg7 4. Bg2 0-0 5. c4 d6 6. Nc3 c6 7. 0-0 Qa5 8. Qc2 Be6 9. b3 d5 10. Ne5 Qa6 11. c5 Nbd7 12. f4 Rad8 13. Rd1 Bf5 14. Qb2 Ne4 15. Bf1 Nxe5 16. fxe5 b6 17. Nxe4 Bxe4 18. Qc3 Qc8 19. cxb6 axb6 20. Be3 f6 21. Rac1 c5 22. e6 f5 23. Qd2 f4 24. Bxf4 Qxe6 25. dxc5 Qf5 26. Bg2 Bxg2 27. Kxg2 bxc5 28. Qd3 e5 29. Qxf5 Rxf5 30. e4 Rf7 31. Bg5 Ra8 32. exd5 Rxa2+ 33. Rd2 Rxd2+ 34. Bxd2 Bf8 35. Be3 Rd7 36. Kf3 e4+ 37. Kxe4 Re7+ 38. Kd3 Rxe3+ 39. Kxe3 Bh6+ 40. Ke4 Bxc1 41. d6 Kf8 42. Kd5 Ke8 43. Kxc5 Kd7 44. Kd5 Be3 45. Ke5 Bg1 46. h3 Bh2 47. Kf6 Bxg3 48. Kg7 Bh4 49. Kxh7 g5 50. Kg6 Kxd6 51. Kf5 Kc5 52. Ke4 Kb4 53. Ke3 Kxb3 54. Kd3 Kb4 55. Kd4 Bf2+ 56. Kd3 Kc5 57. Ke2 Bh4 58. Ke3 Kd5 59. Kd3 Ke5 60. Ke3 Kf5 61. Kf3 Kg6 0-1

[Event "Toulouse CEIT op"]
[Site "Toulouse"]
[Date "1998.??.??"]
[Round "?"]
[White "Cesbron, Guy"]
[Black "Zarrouati, Pierre"]
[Result "1-0"]
[WhiteElo "2110"]
[BlackElo "2175"]
[PlyCount "61"]
[EventDate "1998.??.??"]
[EventType "swiss"]
[EventRounds "7"]
[EventCountry "FRA"]
[SourceTitle "EXT 2002"]
[Source "ChessBase"]
[SourceDate "2001.11.25"]
[SourceVersion "1"]
[SourceVersionDate "2001.11.25"]
[SourceQuality "1"]

1. e4 c6 2. d4 d5 3. Nc3 dxe4 4. Nxe4 Nf6 5. Nxf6+ gxf6 6. Bc4 Bf5 7. Ne2 e6 8. 0-0 Nd7 9. Nf4 h5 10. c3 Qc7 11. h3 h4 12. Qf3 0-0-0 13. b4 Nb6 14. Bb3 Nd5 15. b5 Bd6 16. Nxd5 cxd5 17. Bd2 Be4 18. Qe2 Rdg8 19. f3 Bf5 20. Kh1 Bxh3 21. gxh3 Rg3 22. f4 Rxh3+ 23. Kg2 Rg3+ 24. Kh2 Rhg8 25. Rf3 R3g4 26. Raf1 Kb8 27. R1f2 Qc8 28. Rf1 R8g7 29. Rh3 Qg8 30. Rf2 Rg2+ 31. Rxg2 1-0

[Event "FRA-chT"]
[Site "France"]
[Date "1991.??.??"]
[Round "?"]
[White "Miralles, Gilles"]
[Black "Zarrouati, Pierre"]
[Result "1-0"]
[WhiteElo "2470"]
[BlackElo "2140"]
[PlyCount "23"]
[EventDate "1991.??.??"]
[EventType "team-tourn"]
[EventRounds "12"]
[EventCountry "FRA"]
[SourceTitle "TD"]
[Source "ChessBase"]
[SourceDate "1994.03.01"]
[SourceVersion "1"]
[SourceVersionDate "1994.03.01"]
[SourceQuality "1"]

1. d4 Nf6 2. c4 g6 3. Nc3 d5 4. Nf3 Bg7 5. Bf4 c5 6. dxc5 Qa5 7. cxd5 Ne4 8. Be5 Bxe5 9. Nxe5 Nxc5 10. Qd4 Nb3 11. Qc4 Nxa1 12. Qxc8+ 1-0

[Event "FRA-chT"]
[Site "France"]
[Date "1991.??.??"]
[Round "?"]
[White "Passager, Jean Pierre"]
[Black "Zarrouati, Pierre"]
[Result "0-1"]
[WhiteElo "2305"]
[BlackElo "2140"]
[PlyCount "52"]
[EventDate "1991.??.??"]
[EventType "team-tourn"]
[EventRounds "12"]
[EventCountry "FRA"]
[SourceTitle "TD"]
[Source "ChessBase"]
[SourceDate "1994.03.01"]
[SourceVersion "1"]
[SourceVersionDate "1994.03.01"]
[SourceQuality "1"]

1. d4 Nf6 2. Nf3 g6 3. c4 Bg7 4. Nc3 d5 5. Bg5 Ne4 6. Bh4 Nxc3 7. bxc3 c5 8. e3 Nc6 9. Be2 0-0 10. Rb1 a6 11. 0-0 dxc4 12. dxc5 Qa5 13. Nd4 Qxc5 14. Nxc6 bxc6 15. Qa4 Bf5 16. Rb7 Rfb8 17. Bxe7 Qe5 18. Rxb8+ Rxb8 19. Bh4 Bd3 20. Bxd3 cxd3 21. Bg3 Qb5 22. Qe4 Rd8 23. Bc7 d2 24. c4 Qa4 25. Bxd8 d1Q 26. Qe8+ Bf8 0-1

[Event "FRA-chT"]
[Site "France"]
[Date "1991.??.??"]
[Round "?"]
[White "Zarrouati, Pierre"]
[Black "Degraeve, Jean Marc"]
[Result "1/2-1/2"]
[WhiteElo "2140"]
[BlackElo "2450"]
[PlyCount "71"]
[EventDate "1991.??.??"]
[EventType "team-tourn"]
[EventRounds "12"]
[EventCountry "FRA"]
[SourceTitle "TD"]
[Source "ChessBase"]
[SourceDate "1994.03.01"]
[SourceVersion "1"]
[SourceVersionDate "1994.03.01"]
[SourceQuality "1"]

1. d4 Nf6 2. Nf3 g6 3. g3 Bg7 4. Bg2 0-0 5. c4 d6 6. 0-0 c6 7. Nc3 Bf5 8. Re1 Ne4 9. Ng5 Nxg5 10. Bxg5 h6 11. Bc1 Qb6 12. d5 Na6 13. e4 Bd7 14. Qe2 Nc5 15. Be3 Qa5 16. Rad1 Na4 17. Nxa4 Qxa4 18. b3 Qa5 19. Bd4 Bxd4 20. Rxd4 Qc3 21. Rd3 Qg7 22. e5 cxd5 23. Bxd5 Rab8 24. e6 fxe6 25. Bxe6+ Bxe6 26. Qxe6+ Qf7 27. Rde3 Rbe8 28. Qxf7+ Kxf7 29. Re6 Rg8 30. f4 h5 31. h4 Rg7 32. Kg2 Kf8 33. Kf3 Rc8 34. Ke4 Rc7 35. Kd4 Kf7 36. a4 1/2-1/2

[Event "FRA-chT"]
[Site "France"]
[Date "1989.??.??"]
[Round "?"]
[White "Dussol, Pierre"]
[Black "Zarrouati, Pierre"]
[Result "0-1"]
[WhiteElo "2230"]
[BlackElo "2200"]
[PlyCount "80"]
[EventDate "1989.??.??"]
[EventType "team-tourn"]
[EventRounds "11"]
[EventCountry "FRA"]
[SourceTitle "TD"]
[Source "ChessBase"]
[SourceDate "1994.03.01"]
[SourceVersion "1"]
[SourceVersionDate "1994.03.01"]
[SourceQuality "1"]

1. d4 Nf6 2. c4 g6 3. Nc3 d5 4. cxd5 Nxd5 5. e4 Nxc3 6. bxc3 c5 7. Bc4 Bg7 8. Ne2 cxd4 9. cxd4 Nc6 10. Be3 b5 11. Bd5 Bd7 12. Rc1 Rc8 13. 0-0 Na5 14. Rxc8 Qxc8 15. Qd2 Qa6 16. Rc1 e6 17. Bb3 0-0 18. Rc7 Rd8 19. d5 Nxb3 20. axb3 Qa1+ 21. Rc1 Qb2 22. Qa5 Rf8 23. Qxa7 Bc8 24. Bc5 Re8 25. d6 Qxe2 26. d7 Bxd7 27. Qxd7 Ra8 28. Be3 Bc3 29. h3 b4 30. Rd1 Bf6 31. Rc1 Kg7 32. Qd6 Qb5 33. Rc5 Qb7 34. Qd3 Rd8 35. Qc4 Qb8 36. g3 Be5 37. Rb5 Qd6 38. Qxb4 Bxg3 39. Qc3+ Kg8 40. fxg3 Qxg3+ 0-1

[Event "FRA-chT"]
[Site "France"]
[Date "1989.??.??"]
[Round "?"]
[White "Flear, Christine"]
[Black "Zarrouati, Pierre"]
[Result "1/2-1/2"]
[WhiteElo "2170"]
[BlackElo "2200"]
[PlyCount "83"]
[EventDate "1989.??.??"]
[EventType "team-tourn"]
[EventRounds "11"]
[EventCountry "FRA"]
[SourceTitle "TD"]
[Source "ChessBase"]
[SourceDate "1994.03.01"]
[SourceVersion "1"]
[SourceVersionDate "1994.03.01"]
[SourceQuality "1"]

1. d4 Nf6 2. Nf3 g6 3. c4 Bg7 4. Nc3 d5 5. Bg5 Ne4 6. cxd5 Nxc3 7. bxc3 Qxd5 8. Qb3 Be6 9. Rb1 0-0 10. Qxd5 Bxd5 11. Bxe7 Re8 12. Ba3 b6 13. e3 Bxa2 14. Rb2 Bd5 15. Bb5 c6 16. Be2 c5 17. 0-0 Nc6 18. Rb5 Na5 19. dxc5 Bc4 20. Bxc4 Nxc4 21. Bb2 Nxb2 22. Rxb2 bxc5 23. Rb5 Rec8 24. Rb3 Rcb8 25. Rfb1 Rb6 26. Kf1 Rab8 27. Rxb6 Rxb6 28. Rxb6 axb6 29. c4 Kf8 30. Ke2 Ke7 31. Kd3 h6 32. Ne1 Kd7 33. Nc2 Bb2 34. f4 Kc6 35. e4 b5 36. Ne3 b4 37. Kc2 Bg7 38. Nf1 Bd4 39. h3 g5 40. fxg5 hxg5 41. Nd2 Kd6 42. Nf3 1/2-1/2